000
00332nam a2200145Ia 4500
008
191201s2005 xx 000 0 und d
082
_a
658.5
_b
HEO
100
_a
HELLERIGAL, Slocum
245
0
_a
Organizational Behavior
250
_a
10th
260
_a
N.Delhi
_b
Thomson
_c
2005
300
_a
460
650
_a
MBA
942
_2
ddc
_c
BK
999
_c
3090
_d
3090